000 00262nam a2200097Ia 4500
001 1047301
005 20250826232233.0
008 250824s9999 xx 000 0 und d
245 0 _aGELECEK VE DİĞER MESELELER
_cİSMAİL KILIÇARSLAN
260 _bKETEBE YAYINLARI
999 _c1047301
_d1047301